| 000 | 00431nam a22001577a 4500 | ||
|---|---|---|---|
| 003 | OSt | ||
| 008 | 230222b |||||||| |||| 00| 0 eng d | ||
| 041 | _aeng | ||
| 082 |
_a352.17 _bISA/JA |
||
| 100 |
_aIsaac, Thomas TMFranke, Richard W _95388 |
||
| 245 | _aJanakeeyasoothranam: Pradheshika janadhipathyavum vikasananavum | ||
| 250 | _I3rd | ||
| 260 |
_aThiruvananthapuram _CChintha Publishers _c2022 |
||
| 300 | _a392 | ||
| 942 | _cBK | ||
| 999 |
_c17633 _d17633 |
||